000
00317pam a2200133 a 4500
020
_a
981-4053-85-6
_c
041
_h
082
_a
003
_b
JAC
100
_a
JACKSON P.,
245
_a
INTRODUCTION TO EXPERT SYSTEMS
_h
Textual Documents
260
_a
ENGLAND
_b
ADDISON-WESLEY
_c
2000
300
_a
XVII+542
930
_a
6873
999
_c
126337
_d
126337